000 00937nam0a22002771 4500
001 rc\198479
005 20250620230557.0
010 _a5-289-01385-7
_930000
035 _a(NLR Aleph) 005452427
090 _a4871623
_c4871623
100 _a20030307d1992 |||y0rusy50 ca
101 0 _arus
102 _aRU
105 _aa |||||||||
200 1 _aКамикадзе
_eРоманы
_fСвятослав Сахарнов
_g[Худож. Г.Д. Целищев]
210 _aСПб.
_cЛениздат
_d1992
215 _a364, [2] с.
_cил.
_d21
327 1 _aСодерж.: Камикадзе; Витраж 701
464 0 _12001#$aКамикадзе
_tКамикадзе
464 0 _12001#$aВитраж 701
_tВитраж 701
700 1 _aСахарнов
_bС.В.
_f1923-
_gСвятослав Владимирович
801 0 _aRU
_bNLR
_gpsbo
801 1 _aRU
_bELAR
_2rusmarc
852 _aNLR
_j92-3/7008
942 _cBOOK
980 _aNB